000 00438nam a2200169Ia 4500
003 GCL
008 140319s9999 xx 000 0 eng d
040 _aGCL /
_cGCL
082 0 4 _a150
_bM I
100 1 _aMURPHY, GARDNER
245 1 0 _aAN INTRODUCTION TO PSYCHOLOGY /
_cMURPHY, GARDNER
260 _a[S.N] :
_bHARPER AND ROW PUBLISHERS ،
_c1964
300 _a583 P
650 0 4 _aBIOLOGY
650 0 4 _aHUMAN BEHAVIOR
942 _2ddc
_cBK
999 _c14012
_d14012